000 00829nam a2200265Ia 4500
003 GCL
008 140319s9999 xx 000 0 ara d
040 _aGCL /
_cGCL
082 0 4 _aط
_b953.4
_bع ر
100 1 _aعبدالتواب يوسف
245 1 0 _aراية الاسلام تعلو على عمان /
_cعبدالتواب يوسف
260 _a[S.N] :
_bدار الشعب للطباعة والنشر ،
_c1990
300 _a51 ص
490 _aشروق الاسلام
_v0
650 0 4 _aتاريخ
650 0 4 _aالاسلام
650 0 4 _aالاطفال
650 0 4 _aالتاريخ الاسلامى
650 0 4 _aالتاريخ
650 0 4 _aقصص الاطفال
650 0 4 _aالقصص الدينية
650 0 4 _aسلطنة عمان
650 0 4 _aالمسلمون الاولون
942 _2ddc
_cBK
999 _c57616
_d57616